Statistiken für Liedtext - Einmal - Mark Foster

Klicken Sie hier um das Quiz zu spielen!

Allgemein

  • Dieses Quiz wurde 147 mal gespielt
  • Das Durchschnittsergebnis liegt bei 240 aus 418

Antwortstatistiken

Textquiz% Korrekt
'n
98%
Einmal
94%
einmal
94%
ich
93%
Ich
93%
da
84%
Ma'
78%
und
78%
Und
78%
wir
78%
zu
78%
das
77%
Es
77%
es
77%
die
76%
Wie
76%
wie
76%
sie
75%
der
73%
war
72%
so
70%
als
69%
Als
69%
Nicht
68%
nie
68%
Mein
67%
mein
67%
bei
66%
an
65%
den
65%
nur
65%
in
64%
kann
64%
auf
61%
ist
61%
zum
61%
alles
60%
bleibt
60%
dass
59%
hab'
59%
kommt
59%
Liebe
59%
Im
58%
mich
58%
wieder
58%
Herz
57%
zurück
57%
dann
56%
Glück
56%
mehr
56%
wer
56%
mir
55%
Tag
54%
haben
53%
mal
52%
noch
52%
weil
52%
Weil
52%
doch
50%
Doch
50%
mit
50%
Mit
50%
für
49%
ganze
49%
hockte
49%
Sich
48%
sich
48%
Zimmer
48%
meinen
47%
mochte
47%
Oma
47%
was
47%
Wenn
46%
wenn
46%
wild
46%
bevor
45%
Laura
45%
pochte
45%
Weiß
45%
weiß
45%
wirklich
45%
bis
44%
viel
44%
Ampel
43%
Denn
43%
Freude
43%
immer
43%
starb
43%
Von
43%
ganzen
42%
Kante
42%
kotzten
42%
Land
42%
saß
42%
Trauer
42%
Wochen
42%
zuhörte
42%
geht
41%
heute
41%
Wahnsinn
40%
zusamm'n
40%
dir
39%
dritt
39%
sind
39%
Zeit
39%
auch
38%
wert
38%
besser
37%
Nam'n
37%
sang
37%
büffeln
36%
Moment
36%
vergesst
36%
Vergesst
36%
Liedchen
35%
Mann
35%
sollte
35%
unser
35%
wüsst'
35%
drin
34%
rannten
34%
vorbei
34%
Weg
34%
gibt
33%
großer
33%
Paragraphen
33%
Bekloppte
32%
durch's
32%
ihn
32%
Manches
32%
perfekt
32%
gleich
31%
dadurch
30%
jedem
30%
trag'
30%
wiederhol'n
30%
fremden
29%
Füße
29%
Kaff
29%
Sand
28%
steckten
28%
vergeudet
28%
checkten
27%
Tequila-Shots
27%
Ton
27%
dreht
26%
lohnt
26%
schlug
26%
Road
25%
klar
23%
weil's
23%
Größ'res
21%
Abbey
20%
ich's
20%
Room
20%
wurd'
20%
nix
19%
Noisy
19%
Mini-Me
17%
verschiebt
17%

Verteilung der Resultate

Perzentil nach korrekt beantworteten Fragen

Anzahl Personen mit jedem Resultat

Ihre Resultats-Entwicklung

Sie haben dieses Quiz noch nicht gespielt